How to get a research degree : A survival guide

Bibliographic Details
Main Authors: Elphinstone, Leoni (Author), Schweitzer, Robert (Author)
Format: Book
Language:English
Published: Australia : Allen and Unwin 1998
Subjects:

MARC

LEADER 00000cam a2200000 7i4500
001 0000009998
005 20241007.0
008 030421 at a eng
020 |a 1864485604 
040 |a INS   |b eng   |e rda 
090 0 0 |a LB2371   |b .E46 1998 
100 1 |a Elphinstone, Leoni ,   |e author 
245 1 0 |a How to get a research degree :   |b A survival guide   |c Leoni Elphinstone, Robert Schweitzer 
264 1 |a Australia :   |b Allen and Unwin   |c 1998 
264 4 |c ©1998 
300 |a v, 144 pages :   |b illustrations ;   |c 20 cm. 
336 |a text  |2 rdacontent 
337 |a unmediated  |2 rdamedia 
338 |a volume  |2 rdacarrier 
504 |a Includes bibliographical references and index 
650 0 |a Doctor of phiclosophy degree 
650 0 |a Universities and colleges   |x Graduate Work Study Skills 
700 1 |a Schweitzer, Robert ,   |e author 
999 |a 0000009536   |b BOOK   |c Open Shelf   |e Default branch 
999 |a 0000013929   |b BOOK   |c Open Shelf   |e Default branch